[Event "GER-ch U18 Girls"]
[Site "Willingen"]
[Date "2023.06.03"]
[Round "9"]
[White "Albayrak, Nese Pinar"]
[Black "Derling, Charlotte"]
[Result "1/2-1/2"]
[WhiteElo "1763"]
[BlackElo "1664"]
[PlyCount "94"]
[EventDate "2023.05.27"]
[EventType "swiss"]
[EventRounds "9"]
[EventCountry "GER"]
[SourceTitle "CBM 214 Extra"]
[Source "ChessBase"]
[SourceDate "2023.07.31"]
[SourceVersion "1"]
[SourceVersionDate "2023.07.31"]
[SourceQuality "1"]

1. e4 c5 2. Nf3 d6 3. d4 cxd4 4. Nxd4 Nf6 5. Nc3 g6 6. Be3 Bg7 7. f3 Nc6 8. Bc4 0-0 9. Qd2 Bd7 10. 0-0-0 Rc8 11. Bb3 Nxd4 12. Bxd4 b5 13. Nd5 Nxd5 14. Bxg7 Kxg7 15. exd5 a5 16. a3 Kg8 17. h4 b4 18. a4 Qe8 19. h5 Bf5 20. Kb1 gxh5 21. Rxh5 Bg6 22. Rh2 f6 23. g4 Qf7 24. f4 f5 25. g5 Rc5 26. Re1 Re8 27. Re6 Qg7 28. Qe1 Kf8 29. Qh4 Kg8 30. Qe1 Kf8 31. Rd2 Bf7 32. Ree2 Bg6 33. Qf2 Rec8 34. Qd4 Qxd4 35. Rxd4 R8c7 36. Rd3 Rb7 37. Kc1 Kf7 38. Kd2 Rc8 39. Rde3 Rcc7 40. Rd3 Rc8 41. Rd4 Rbc7 42. Kd3 Rc5 43. Bc4 R8c7 44. c3 bxc3 45. bxc3 Kg7 46. Rb2 Be8 47. Ra2 Bh5 1/2-1/2

[Event "GER-chT U12"]
[Site "Magdeburg"]
[Date "2018.12.29"]
[Round "5.2"]
[White "Kiefhaber, Julius"]
[Black "Derling, Charlotte"]
[Result "0-1"]
[WhiteElo "1417"]
[BlackElo "1399"]
[PlyCount "146"]
[EventDate "2018.12.27"]
[EventType "team-swiss"]
[EventRounds "7"]
[EventCountry "GER"]
[SourceTitle "CBM 188 Extra"]
[Source "ChessBase"]
[SourceDate "2019.02.26"]
[SourceVersion "1"]
[SourceVersionDate "2019.02.26"]
[SourceQuality "1"]
[WhiteTeam "Karlsruhe SF"]
[BlackTeam "Halle Roter Turm"]
[WhiteTeamCountry "GER"]
[BlackTeamCountry "GER"]

1. e4 c5 2. Nf3 Nc6 3. d4 cxd4 4. Nxd4 Nf6 5. Nc3 d6 6. Be3 g6 7. f3 Bg7 8. Qd2 Bd7 9. Nxc6 bxc6 10. h4 a5 11. Bc4 Qc8 12. Bb3 Be6 13. Ba4 Bd7 14. 0-0-0 Qb7 15. Bb3 c5 16. Nd5 Nxd5 17. Qxd5 Qxd5 18. exd5 Rb8 19. c3 a4 20. Bc4 a3 21. Rd2 0-0 22. h5 axb2+ 23. Rxb2 Bxc3 24. Rb3 Rxb3 25. axb3 Bf5 26. g4 Bd7 27. Kc2 Bh8 28. h6 f5 29. Bxc5 dxc5 30. Re1 Rc8 31. d6+ e6 32. gxf5 gxf5 33. Rg1+ Kf7 34. Rg5 Kf6 35. Rg1 Bc6 36. f4 Bd5 37. Bb5 Rd8 38. d7 Ke7 39. Rg3 e5 40. fxe5 Bxe5 41. Re3 Be4+ 42. Kd1 Bf4 43. Rc3 Bd6 44. b4 Rb8 45. bxc5 Rxb5 46. cxd6+ Kxd7 47. Rc7+ Kxd6 48. Rxh7 Rb1+ 49. Kd2 Rh1 50. Rh8 Ke7 51. h7 Kf7 52. Rc8 Kg6 53. Rc3 Rh2+ 54. Ke3 Rxh7 55. Kf4 Rh4+ 56. Kg3 Kg5 57. Rc5 Rg4+ 58. Kf2 Rg2+ 59. Kf1 Rd2 60. Ke1 Rd5 61. Rc3 f4 62. Ke2 f3+ 63. Ke1 Kf4 64. Rc4 Ke3 65. Rc3+ Rd3 66. Rc1 f2+ 67. Kf1 Bf5 68. Kg2 Ke2 69. Rc2+ Ke1 70. Rxf2 Bh3+ 71. Kh1 Kxf2 72. Kh2 Be6 73. Kh1 Rh3# 0-1

[Event "GER-chT U12"]
[Site "Magdeburg"]
[Date "2018.12.28"]
[Round "4.2"]
[White "Derling, Charlotte"]
[Black "Werner, Rosalie"]
[Result "0-1"]
[WhiteElo "1399"]
[BlackElo "1572"]
[PlyCount "118"]
[EventDate "2018.12.27"]
[EventType "team-swiss"]
[EventRounds "7"]
[EventCountry "GER"]
[SourceTitle "CBM 188 Extra"]
[Source "ChessBase"]
[SourceDate "2019.02.26"]
[SourceVersion "1"]
[SourceVersionDate "2019.02.26"]
[SourceQuality "1"]
[WhiteTeam "Halle Roter Turm"]
[BlackTeam "Offenbach"]
[WhiteTeamCountry "GER"]
[BlackTeamCountry "GER"]

1. e4 e6 2. d4 d5 3. Nd2 Nf6 4. Bd3 c5 5. c3 Be7 6. Ngf3 Nc6 7. 0-0 0-0 8. Bc2 Qb6 9. exd5 exd5 10. Nb3 c4 11. Nbd2 Bg4 12. h3 Bh5 13. Re1 Bd6 14. Nf1 Rfe8 15. Ne3 Re6 16. Nf5 Bxf3 17. gxf3 Rxe1+ 18. Qxe1 Re8 19. Qd2 Bf8 20. Rb1 Ne7 21. Nxe7+ Bxe7 22. Kf1 Qe6 23. Kg2 Nh5 24. Qe3 Qd7 25. Bd2 Bf6 26. Be4 dxe4 27. fxe4 Bd8 28. Qf3 Nf6 29. e5 Nd5 30. Rg1 Re6 31. Kh2 Rg6 32. Re1 Bc7 33. Kh1 Qc6 34. Kh2 f6 35. Qe4 fxe5 36. dxe5 Nf6 37. Qxc6 bxc6 38. f4 Nd5 39. Kh1 Re6 40. Kg2 g6 41. Re4 Nb6 42. Be3 h6 43. Kf3 Kf7 44. Kg4 h5+ 45. Kf3 Re8 46. Bd4 Ke6 47. Re2 Rf8 48. Ke4 Nd5 49. Rf2 Bb6 50. Bxb6 axb6 51. h4 c5 52. a3 b5 53. Rf1 Ne7 54. Rg1 Rg8 55. Rg2 Nf5 56. Rh2 Rd8 57. Kf3 Rd3+ 58. Ke2 Ng3+ 59. Kf2 Kf5 0-1

[Event "GER-ch U12 Girls"]
[Site "Willingen"]
[Date "2018.05.20"]
[Round "2"]
[White "Derling, Charlotte"]
[Black "Wagner, Margarethe"]
[Result "0-1"]
[WhiteElo "1415"]
[BlackElo "1563"]
[PlyCount "60"]
[EventDate "2018.05.19"]
[EventType "swiss"]
[EventRounds "11"]
[EventCountry "GER"]
[SourceTitle "CBM 184 Extra"]
[Source "ChessBase"]
[SourceDate "2018.06.28"]
[SourceVersion "1"]
[SourceVersionDate "2018.06.28"]
[SourceQuality "1"]

1. e4 c5 2. Nf3 d6 3. d4 cxd4 4. Nxd4 Nf6 5. Nc3 a6 6. Be3 e5 7. Nb3 Be6 8. Be2 Be7 9. Qd2 b5 10. Rd1 Nc6 11. Bf3 Rc8 12. Nd5 Bxd5 13. exd5 Nb8 14. Rc1 Nbd7 15. Na5 e4 16. Be2 Nxd5 17. Nb7 Qc7 18. Qxd5 Nf6 19. Nxd6+ Bxd6 20. Qd4 0-0 21. h3 Be5 22. Qb4 Nd5 23. Qxe4 Nxe3 24. fxe3 Bxb2 25. Rd1 Qxc2 26. Bd3 Bc3+ 27. Kf1 Qxd1+ 28. Kf2 Qd2+ 29. Kf3 g6 30. Bc2 Rce8 0-1

[Event "GER-ch U12 Girls"]
[Site "Willingen"]
[Date "2017.06.08"]
[Round "8"]
[White "Zoellner, Bente"]
[Black "Derling, Charlotte"]
[Result "1-0"]
[WhiteElo "1397"]
[BlackElo "1073"]
[PlyCount "61"]
[EventDate "2017.06.04"]
[EventType "swiss"]
[EventRounds "11"]
[EventCountry "GER"]
[SourceTitle "CBM 178 Extra"]
[Source "ChessBase"]
[SourceDate "2017.06.22"]
[SourceVersion "1"]
[SourceVersionDate "2017.06.22"]
[SourceQuality "1"]

1. d4 d6 2. c4 g6 3. Nc3 Bg7 4. Bf4 Nf6 5. Nf3 0-0 6. e4 c6 7. Be2 Bg4 8. 0-0 Re8 9. e5 dxe5 10. Bxe5 Nbd7 11. Bf4 Qb6 12. Qd2 Bf5 13. Ne5 Qd8 14. Nxd7 Nxd7 15. Rad1 Nb6 16. Qe3 Qd7 17. Bh6 Bh8 18. Bf4 Bg7 19. Be5 Qe6 20. Bxg7 Kxg7 21. b3 Rad8 22. Rd2 Rd7 23. Bd3 Red8 24. Bxf5 Qxf5 25. Rfd1 e6 26. Ne2 Nc8 27. Ng3 Qg4 28. h3 Qh4 29. Ne4 Ne7 30. Nc5 Rc7 31. Qe5+ 1-0

[Event "GER-ch U12 Girls"]
[Site "Willingen"]
[Date "2017.06.07"]
[Round "7"]
[White "Derling, Charlotte"]
[Black "Bress, Amy Charlize"]
[Result "1/2-1/2"]
[WhiteElo "1073"]
[BlackElo "1369"]
[PlyCount "121"]
[EventDate "2017.06.04"]
[EventType "swiss"]
[EventRounds "11"]
[EventCountry "GER"]
[SourceTitle "CBM 178 Extra"]
[Source "ChessBase"]
[SourceDate "2017.06.22"]
[SourceVersion "1"]
[SourceVersionDate "2017.06.22"]
[SourceQuality "1"]

1. e4 c5 2. Nf3 e6 3. d4 cxd4 4. Nxd4 a6 5. e5 Qa5+ 6. Nc3 Qxe5+ 7. Be3 Nf6 8. Bd3 Bb4 9. Qd2 Qc7 10. Nde2 Nd5 11. 0-0 Bxc3 12. Nxc3 Nxc3 13. Qxc3 Qxc3 14. bxc3 d6 15. Rfe1 Nd7 16. Rab1 b5 17. Rbd1 Bb7 18. Be2 Ke7 19. Bg5+ f6 20. Bf4 e5 21. Bc1 Rhd8 22. Ba3 Nc5 23. Bb4 Be4 24. Bd3 Nxd3 25. cxd3 Bd5 26. Rd2 a5 27. Ba3 Rac8 28. c4 bxc4 29. dxc4 Bxc4 30. f4 Ke6 31. Rb2 Rb8 32. Rc2 Rdc8 33. fxe5 dxe5 34. Rec1 Kd5 35. Rd1+ Ke4 36. Rdc1 Ba6 37. Rc5 Rxc5 38. Rxc5 Rb1+ 39. Rc1 Rxc1+ 40. Bxc1 h5 41. Kf2 g5 42. h3 f5 43. Bxg5 f4 44. Bd8 a4 45. Bc7 Kd4 46. Kf3 Bb7+ 47. Kf2 Kd5 48. Ke2 Kd4 49. Kf2 Ke4 50. Ke2 Kf5 51. Kf2 e4 52. Ke2 Ba6+ 53. Kf2 e3+ 54. Kf3 e2 55. Ba5 Ke5 56. a3 Bb7+ 57. Kf2 Kd4 58. Kxe2 Bxg2 59. h4 f3+ 60. Kf2 Ke4 61. Bb4 1/2-1/2

[Event "GER-ch U12 Girls"]
[Site "Willingen"]
[Date "2017.06.07"]
[Round "6"]
[White "Wiemann, Vanessa"]
[Black "Derling, Charlotte"]
[Result "0-1"]
[WhiteElo "1355"]
[BlackElo "1073"]
[PlyCount "130"]
[EventDate "2017.06.04"]
[EventType "swiss"]
[EventRounds "11"]
[EventCountry "GER"]
[SourceTitle "CBM 178 Extra"]
[Source "ChessBase"]
[SourceDate "2017.06.22"]
[SourceVersion "1"]
[SourceVersionDate "2017.06.22"]
[SourceQuality "1"]

1. e4 e5 2. Nf3 Nc6 3. Bc4 Be7 4. d4 exd4 5. c3 Nf6 6. e5 Ng4 7. cxd4 d6 8. h3 Nh6 9. Bf4 Nf5 10. Nc3 dxe5 11. dxe5 Nfd4 12. 0-0 0-0 13. a3 Nxf3+ 14. Qxf3 Qd4 15. Qe4 Rd8 16. Rad1 Qxe4 17. Rxd8+ Bxd8 18. Nxe4 Be7 19. Nc3 Bf5 20. Rd1 Rd8 21. Rxd8+ Bxd8 22. f3 h5 23. Kf2 Kf8 24. Ke3 Ke7 25. Nd5+ Ke8 26. Kd2 Ne7 27. Ne3 Be6 28. Bxe6 fxe6 29. g4 hxg4 30. hxg4 Ng6 31. Bg3 Bg5 32. Kd3 Kd7 33. Ng2 Kc6 34. f4 Be7 35. Kc4 b5+ 36. Kc3 Kd5 37. Kd3 c5 38. Ne3+ Kc6 39. f5 exf5 40. gxf5 Nf8 41. Nd5 Kxd5 42. e6 g6 43. fxg6 Nxg6 44. Bb8 a6 45. Bg3 Kxe6 46. Ke4 b4 47. a4 Bd6 48. Bxd6 Kxd6 49. b3 a5 50. Kd3 Kd5 51. Ke3 Ne5 52. Kd2 Kd4 53. Kc2 c4 54. Kb2 c3+ 55. Kc2 Nc6 56. Kc1 Kd3 57. Kb1 Kd2 58. Ka1 c2 59. Ka2 Nd4 60. Kb2 c1Q+ 61. Ka2 Qa3+ 62. Kb1 Qxb3+ 63. Ka1 Qd3 64. Ka2 Kc1 65. Ka1 Qb1# 0-1

[Event "GER-ch U12 Girls"]
[Site "Willingen"]
[Date "2017.06.05"]
[Round "4"]
[White "Dietz, Kristin"]
[Black "Derling, Charlotte"]
[Result "1-0"]
[WhiteElo "1609"]
[BlackElo "1073"]
[PlyCount "123"]
[EventDate "2017.06.04"]
[EventType "swiss"]
[EventRounds "11"]
[EventCountry "GER"]
[SourceTitle "CBM 178 Extra"]
[Source "ChessBase"]
[SourceDate "2017.06.22"]
[SourceVersion "1"]
[SourceVersionDate "2017.06.22"]
[SourceQuality "1"]

1. e4 e5 2. Nf3 Nc6 3. Bc4 Bc5 4. b4 Bxb4 5. c3 Bc5 6. d4 exd4 7. cxd4 Bb4+ 8. Bd2 Bxd2+ 9. Nbxd2 Nf6 10. 0-0 0-0 11. e5 Ng4 12. Ne4 d6 13. exd6 cxd6 14. d5 Nce5 15. Nfd2 Nf6 16. Re1 Re8 17. Qa4 Bf5 18. Ng3 Bd7 19. Qb4 Bc8 20. Bb5 Bd7 21. Bxd7 Qxd7 22. Re2 Nxd5 23. Qd4 Nf6 24. Rb1 b6 25. Rd1 Rad8 26. Nde4 Nxe4 27. Nxe4 d5 28. Nc3 Nc6 29. Rxe8+ Qxe8 30. Qh4 d4 31. Ne4 d3 32. Qg4 Qe7 33. Qf3 Nb4 34. a3 Nc2 35. Rxd3 Rxd3 36. Qxd3 Nxa3 37. h3 h6 38. Nd6 Qe1+ 39. Kh2 Qa5 40. g3 Qc5 41. Ne4 Qb4 42. Qf3 a5 43. Qg4 Qe7 44. Qf4 b5 45. g4 Nc4 46. Kg1 a4 47. Qf5 Qb7 48. g5 hxg5 49. Nxg5 g6 50. Qd3 a3 51. Qd8+ Kg7 52. Qd4+ Kg8 53. Qd8+ Kg7 54. Qd4+ f6 55. Ne6+ Kg8 56. Qxf6 Qf7 57. Qd8+ Kh7 58. Ng5+ Kg7 59. Nxf7 Kxf7 60. Qd7+ Kf6 61. Qxb5 a2 62. Qa6+ 1-0

[Event "GER-ch U10 Girls"]
[Site "Willingen"]
[Date "2016.05.16"]
[Round "4"]
[White "Pohle, Saskia"]
[Black "Derling, Charlotte"]
[Result "1/2-1/2"]
[WhiteElo "1228"]
[BlackElo "974"]
[PlyCount "88"]
[EventDate "2016.05.15"]
[EventType "swiss"]
[EventRounds "11"]
[EventCountry "GER"]
[SourceTitle "CBM 172 Extra"]
[Source "ChessBase"]
[SourceDate "2016.06.21"]
[SourceVersion "1"]
[SourceVersionDate "2016.06.21"]
[SourceQuality "1"]

1. e4 c5 2. Nf3 d6 3. Bb5+ Bd7 4. Bxd7+ Qxd7 5. 0-0 Nf6 6. Re1 g6 7. c3 Nc6 8. d4 cxd4 9. cxd4 Rc8 10. d5 Ne5 11. Nxe5 dxe5 12. Nc3 Bg7 13. Be3 a6 14. Qd2 0-0 15. Bh6 Rfe8 16. Bxg7 Kxg7 17. Rac1 Qg4 18. h3 Qf4 19. Qxf4 exf4 20. f3 h5 21. e5 Nh7 22. d6 exd6 23. exd6 Rxe1+ 24. Rxe1 Rd8 25. Rd1 Kf6 26. Ne4+ Ke6 27. d7 Nf6 28. Nc5+ Ke7 29. Nxb7 Rxd7 30. Rxd7+ Nxd7 31. a4 f5 32. Kf1 Ke6 33. Ke2 Ke5 34. Kd3 Kd5 35. b4 Nb6 36. a5 Na4 37. Nd8 g5 38. Nf7 g4 39. h4 Kc6 40. Kc4 Nb2+ 41. Kc3 Nd1+ 42. Kb3 Kb5 43. Nd6+ Kc6 44. Nxf5 Ne3 1/2-1/2

[Event "GER-chT U10"]
[Site "Magdeburg"]
[Date "2015.12.28"]
[Round "5.1"]
[White "Derling, Charlotte"]
[Black "Braun, Erik"]
[Result "0-1"]
[WhiteElo "925"]
[BlackElo "991"]
[PlyCount "37"]
[EventDate "2015.12.27"]
[EventType "team-swiss"]
[EventRounds "7"]
[EventCountry "GER"]
[SourceTitle "EXT 2017"]
[Source "ChessBase"]
[SourceDate "2016.10.25"]
[SourceVersion "1"]
[SourceVersionDate "2016.10.25"]
[SourceQuality "1"]
[WhiteTeam "Halle Roter Turm II"]
[BlackTeam "Peine"]
[WhiteTeamCountry "GER"]
[BlackTeamCountry "GER"]

1. e4 e5 2. Nf3 Nc6 3. d4 exd4 4. Nxd4 Nxd4 5. Qxd4 Nf6 6. e5 Qe7 7. Bg5 Qb4+ 8. Qxb4 Bxb4+ 9. Nc3 Ne4 10. Rd1 Nxc3 11. bxc3 Bxc3+ 12. Bd2 Bxe5 13. Bc4 0-0 14. 0-0 d6 15. Bd5 Re8 16. Be3 b6 17. Bd4 Bxd4 18. Rxd4 Ba6 19. Re1 0-1

[Event "GER-chT U10"]
[Site "Magdeburg"]
[Date "2015.12.28"]
[Round "3.1"]
[White "Derling, Charlotte"]
[Black "Von Hugo, Amelie"]
[Result "1-0"]
[WhiteElo "925"]
[BlackElo "729"]
[PlyCount "137"]
[EventDate "2015.12.27"]
[EventType "team-swiss"]
[EventRounds "7"]
[EventCountry "GER"]
[SourceTitle "EXT 2017"]
[Source "ChessBase"]
[SourceDate "2016.10.25"]
[SourceVersion "1"]
[SourceVersionDate "2016.10.25"]
[SourceQuality "1"]
[WhiteTeam "Halle Roter Turm II"]
[BlackTeam "Goettingen Rochade III"]
[WhiteTeamCountry "GER"]
[BlackTeamCountry "GER"]

1. e4 e5 2. Nf3 Nc6 3. d4 d6 4. d5 Nd4 5. Nxd4 exd4 6. Qxd4 Qf6 7. Qxf6 Nxf6 8. Nc3 c6 9. dxc6 bxc6 10. Bd3 d5 11. e5 Nd7 12. Bf4 Bb4 13. 0-0 c5 14. Nxd5 Nb6 15. Nxb6 axb6 16. Be4 Ra7 17. Bc6+ Bd7 18. Bxd7+ Kxd7 19. a3 Ba5 20. Rad1+ Ke6 21. c3 b5 22. Rfe1 Rd7 23. Rxd7 Kxd7 24. Be3 c4 25. Bc5 Kc6 26. Bb4 Bxb4 27. axb4 Kb6 28. e6 fxe6 29. Rxe6+ Kc7 30. h3 Kd7 31. Re5 Kd6 32. Rxb5 Re8 33. g3 Re1+ 34. Kg2 Re2 35. Rc5 Rxb2 36. Rxc4 Kd5 37. Rc5+ Kd6 38. Kf3 Rb1 39. Ke3 Rh1 40. h4 Re1+ 41. Kd4 Rd1+ 42. Kc4 Rf1 43. Rf5 Ke6 44. Rf4 Ke5 45. Kc5 Rc1 46. c4 Ra1 47. Rd4 Ra8 48. Rd6 Rc8+ 49. Rc6 Rxc6+ 50. Kxc6 Ke4 51. b5 Kf3 52. b6 Kxf2 53. b7 Kxg3 54. b8Q+ Kxh4 55. Qe5 g5 56. Kd5 g4 57. Qh2+ Kg5 58. Ke4 h5 59. Ke3 h4 60. Qf4+ Kh5 61. Qf5+ Kh6 62. Qxg4 h3 63. Qxh3+ Kg5 64. Qf3 Kh4 65. Qg2 Kh5 66. Kf4 Kh6 67. Kf5 Kh7 68. Kf6 Kh8 69. Qg7# 1-0